|
|
|
|
| LEADER |
00000cam a22000004a 4500 |
| 001 |
musev2_327 |
| 003 |
MdBmJHUP |
| 005 |
20230905040051.0 |
| 006 |
m o d |
| 007 |
cr||||||||nn|n |
| 008 |
100311s2011 inu o 00 0 eng d |
| 010 |
|
|
|z 2010009399
|
| 020 |
|
|
|a 9780253004789
|
| 020 |
|
|
|z 9780253355201
|
| 020 |
|
|
|z 0253004780
|
| 035 |
|
|
|a (OCoLC)761182116
|
| 040 |
|
|
|a MdBmJHUP
|c MdBmJHUP
|
| 043 |
|
|
|a e------
|a e-ur---
|a e-ru---
|
| 050 |
0 |
4 |
|a DS135.E83
|b A68 2011
|
| 082 |
0 |
|
|a 305.892/404709041
|2 22
|
| 245 |
0 |
0 |
|a Anti-Jewish Violence :
|b Rethinking the Pogrom in East European History /
|c edited by Jonathan Dekel-Chen ... [et al.].
|
| 264 |
|
1 |
|a Bloomington, Ind. :
|b Indiana University Press,
|c 2011.
|
| 264 |
|
3 |
|a Baltimore, Md. :
|b Project MUSE,
|c 2011
|
| 264 |
|
4 |
|c ©2011.
|
| 300 |
|
|
|a 1 online resource (240 pages):
|b map ;
|
| 336 |
|
|
|a text
|b txt
|2 rdacontent
|
| 337 |
|
|
|a computer
|b c
|2 rdamedia
|
| 338 |
|
|
|a online resource
|b cr
|2 rdacarrier
|
| 500 |
|
|
|a "The idea for this book originated at an international academic conference held in Stockholm in May 2005, titled "Anti-Jewish violence: reconceptualizing the pogrom in European history, 17th-20th century."--Introduction.
|
| 504 |
|
|
|a Includes bibliographical references and index.
|
| 505 |
0 |
|
|a What's in a pogrom? European Jews in the age of violence / David Engel -- 1915 and the war pogrom paradigm in the Russian empire / Eric Lohr -- The role of personality in the first (1914-1915) Russian occupation of Galicia and Bukovina / Peter Holquist -- Freedom, shortages, violence: the origins of the "revolutionary anti-Jewish pogrom" in Russia, 1917-1918 / Vladimir P. Buldakov -- Preventing pogroms: patterns in Jewish politics in early twentieth-century Russia / Vladimir Levin -- The sword hanging over their heads: the significance of pogrom for Russian Jewish everyday life and self-understanding (the case of Kiev) / Natan M. Meir -- The possibility of the impossible: pogroms in Eastern Siberia / Lilia Kalmina -- Was Lithuania a pogrom-free zone? (1881-1940) / Vladas Sirutavičius and Darius Staliūnas -- The missing pogroms of Belorussia, 1881-1882: conditions and motives of an absence of violence / Claire Le Foll -- Ethnic conflict and modernization in the interwar period: the case of Soviet Belorussia / Arkadi Zeltser -- Defusing the ethnic bomb: resolving local conflict through philanthropy in the interwar USSR / Jonathan Dekel-Chen.
|
| 588 |
|
|
|a Description based on print version record.
|
| 650 |
|
0 |
|a Jews
|x Persecutions
|z Soviet Union
|v Congresses.
|
| 650 |
|
0 |
|a Pogroms
|z Russia
|v Congresses.
|
| 650 |
|
0 |
|a Jews
|x Persecutions
|z Europe, Eastern
|x History
|y 20th century
|v Congresses.
|
| 650 |
|
0 |
|a Jews
|x Persecutions
|z Europe, Eastern
|x History
|y 19th century
|v Congresses.
|
| 651 |
|
0 |
|a Russia
|x Ethnic relations.
|
| 651 |
|
0 |
|a Europe, Eastern
|x Ethnic relations.
|
| 655 |
|
7 |
|a Electronic books.
|2 local
|
| 700 |
1 |
|
|a Dekel-Chen, Jonathan L.
|
| 710 |
2 |
|
|a Project Muse.
|e distributor
|
| 830 |
|
0 |
|a Book collections on Project MUSE.
|
| 856 |
4 |
0 |
|z Texto completo
|u https://projectmuse.uam.elogim.com/book/327/
|
| 945 |
|
|
|a Project MUSE - Custom Collection
|
| 945 |
|
|
|a Project MUSE - 2011 Jewish Studies
|
| 945 |
|
|
|a Project MUSE - 2011 Complete
|
| 945 |
|
|
|a Project MUSE - 2011 History
|